Chinese to English (7) - Statistics

General Stats
  • This quiz has been taken 8 times
  • The average score is 8 of 12
Answer Stats
Chinese English % Correct
開心 Happy
100%
明亮 Bright
88%
黑暗 Dark
88%
傷心 Sad
88%
乾淨 Clean
75%
狹窄 Narrow
75%
Messy
63%
粗魯 Rude
63%
Wide
63%
Dirty
50%
善良 Nice
50%
複雜 Complicated
38%
No matching quizzes found
Score Distribution
Percent of People with Each Score
Percentile by Number Answered
Your Score History
You have not taken this quiz